| 000 | 01479nam a2200373Ia 4500 | ||
|---|---|---|---|
| 001 | ebr10448636 | ||
| 003 | CaPaEBR | ||
| 006 | m u | ||
| 007 | cr cn||||||||| | ||
| 008 | 110103s2011 dcua sb 000 0 eng d | ||
| 010 | _z 2010053556 | ||
| 020 | _z0821386719 | ||
| 020 | _z0821386964 | ||
| 020 | _z9780821386712 | ||
| 020 | _z9780821386965 (ebook) | ||
| 040 |
_aCaPaEBR _cCaPaEBR |
||
| 035 | _a(OCoLC)714801153 | ||
| 050 | 1 | 4 |
_aJN96.A56 _bC68 2011eb |
| 082 | 0 | 4 |
_a364.1/3230947 _222 |
| 245 | 0 | 0 |
_aTrends in corruption and regulatory burden in Eastern Europe and Central Asia _h[electronic resource]. |
| 260 |
_aWashington, D.C. : _bWorld Bank, _cc2011. |
||
| 300 |
_axiv, 78 p. : _bill. |
||
| 500 | _a"This report has been prepared by Stephen Knack and Gregory Kisunko ..."--P. vii. | ||
| 504 | _aIncludes bibliographical references (p. 59-60). | ||
| 533 |
_aElectronic reproduction. _bPalo Alto, Calif. : _cebrary, _d2011. _nAvailable via World Wide Web. _nAccess may be limited to ebrary affiliated libraries. |
||
| 650 | 0 |
_aPolitical corruption _zEurope, Eastern. |
|
| 650 | 0 |
_aPolitical corruption _zAsia, Central. |
|
| 650 | 0 |
_aTrade regulation _zEurope, Eastern. |
|
| 650 | 0 |
_aTrade regulation _zAsia, Central. |
|
| 655 | 7 |
_aElectronic books. _2local |
|
| 710 | 2 | _aWorld Bank. | |
| 710 | 2 | _aebrary, Inc. | |
| 856 | 4 | 0 |
_uhttp://site.ebrary.com/lib/rucke/Doc?id=10448636 _zAn electronic book accessible through the World Wide Web; click to view |
| 999 |
_c248050 _d248050 |
||